01163nam a2200193Ia 4500001001100000003001000011008004100021040002500062041001300087100004500100245003600145250001100181260008400192300001100276500026600287501011400553520026600667650003600933L200-53772IT-CnALBA170116s9999||||xx |||||||||||||| ||und|| aIT-CnALBAcIT-CnALBA aITALIANO aMAGRASSI MARIANO, OSB., VESCOVO DI BARI. 0aLITURGIA. CHIESA IN PREGHIERA.  a1a ed. a BARI, ROMAbECUMENICA EDITRICE c1992 [1° Ed.:1992 - Ed.Ling.Originale: 1992] a80 p.  aDOCUEMNTI DELLA CHIESA, BARI. INTRODUZIONE. ASSEMBLEA, SOGGETTO DI CELEBRAZIONE. PRINCIPI. FEDE RITO E VITA. ORIENTAMENTO E NORME. ANNO LITURGICO, ITINERARIO DI FEDE. UNITÀ DEL MAGISTERO E PLURALITÀ DI CELEBRAZIONI. ANNO LITURGICO. LITURGIA E RELIGIOSITÀ  aSocietà San Paolo EM - Piazza San Paolo, 14 - 12051 ALBA (CN) (non commercial uses only) ® Copyright 2017 aDOCUEMNTI DELLA CHIESA, BARI. INTRODUZIONE. ASSEMBLEA, SOGGETTO DI CELEBRAZIONE. PRINCIPI. FEDE RITO E VITA. ORIENTAMENTO E NORME. ANNO LITURGICO, ITINERARIO DI FEDE. UNITÀ DEL MAGISTERO E PLURALITÀ DI CELEBRAZIONI. ANNO LITURGICO. LITURGIA E RELIGIOSITÀ  aRELIGIONE - RELIGIONE CRISTIANA